000 02068nam0a2200373 i 4500
001 RU\NLR\bibl\1988595
005 20260408092350.0
010 _a9785714803864
_9300
021 _aRU
_b2012-99029
_97307
035 _a(nilc)RuMoRGB-006510999
035 _a(NLR Aleph) 001977157
090 _a4038146
_c4038146
100 _a20130109d2012 k y0rusy50 ca
101 0 _arus
102 _aRU
105 _ay |||||||||
200 1 _aДошкольное образование: опыт и перспективы развития
_eматериалы региональной научно-практической конференции, 27 августа 2012 года
_f[сост.: Е. А. Пахомова и др.]
210 _aКемерово
_cКРИПКиПРО
_d2012
215 _a183 с.
_cил., табл.
_d21
300 _aВ надзаг.: Департамент образования и науки Кемеровской обл., Кузбасский региональный ин-т повышения квалификации и переподготовки работников образования
320 _aБиблиогр.: с. 155-156, 173
606 1 _aОбразование
_jСъезды, совещания и т.п.
_yКемеровская область
_92332859
_3RU\NLR\auth\661394910
686 _aЧ414(2Р-4Ке)я431
702 1 _4220
_7ca
_8rus
_aПахомова
_bЕ. А.
_cд-р пед. наук
_gЕлена Алексеевна
_988925
_3RU\NLR\AUTH\77106000
711 1 2 _a"Дошкольное образование: опыт и перспективы развития", региональная научно-практическая конференция
_f2012
_eКемерово
_3RU\NLR\AUTH\8810231852
_9348738
801 0 _aRU
_bRuMoRKP
_c20130109
_gRCR
801 2 _aRU
_bРГБ
_c20130131
_grcr
801 1 _aRU
_bRuMoRKP
_c20130109
_2rusmarc
801 2 _aRU
_bNLR
_c20130118
_grcr
942 _cBOOK
980 _aNBR